[Event "Philadelphia opI"]
[Site "Philadelphia"]
[Date "1992.??.??"]
[Round "6"]
[White "Karklins, Andrew"]
[Black "Kudrin, Sergey"]
[Result "0-1"]
[WhiteElo "2320"]
[BlackElo "2550"]

1.e4 c5 2.Nf3 Nc6 3.d4 cxd4 4.Nxd4 Nf6 5.Nc3 d6 6.Bb5 Bd7 7.O-O g6 8.Re1 Bg7
9.Nf3 O-O 10.h3 Na5 11.Bf1 Rc8 12.Bg5 Re8 13.e5 dxe5 14.Rxe5 Nc4 15.Bxc4 Rxc4
16.Bxf6 Bxf6 17.Rd5 Qb6 18.Rxd7 Qxb2 19.Rb1 Qxc3 20.Rdxb7 a5 21.Qd5 Rc5 22.Qd7 Rec8
23.Ne1 Kg7 24.R7b3 Qc4 25.Qd3 Qe6 26.a4 Rd5 27.Qf3 Rd2 28.Qe3 Qxe3 29.fxe3 Rc4
30.Ra3 e5 31.Rd3 Rcxc2 32.Rb5 e4 33.Nxc2 exd3 34.Nd4 Bxd4 35.exd4 Ra2  0-1

[Event "Philadelphia opI"]
[Site "Philadelphia"]
[Date "1992.??.??"]
[Round "7"]
[White "Kudrin, Sergey"]
[Black "Remlinger, Larry"]
[Result "1-0"]
[WhiteElo "2550"]
[BlackElo "2340"]

1.e4 e6 2.d4 d5 3.Nd2 c5 4.exd5 Qxd5 5.Ngf3 cxd4 6.Bc4 Qd6 7.O-O Nf6 8.Nb3 Nc6
9.Nbxd4 Nxd4 10.Nxd4 a6 11.Bb3 Bd7 12.c3 Qc7 13.Bg5 Bd6 14.Bxf6 gxf6 15.Qh5 Qc5
16.Qf3 Qe5 17.g3 O-O-O 18.Rfe1 Qg5 19.Bc4 Kb8 20.Bf1 Rc8 21.Rad1 Bc5 22.h4 Qg6
23.Bd3 Qh6 24.Nb3 Ba4 25.Nxc5 Rxc5 26.b3 Bc6 27.Be4 Rc8 28.c4 Bxe4 29.Rxe4 f5
30.Red4 R5c7 31.Kg2 Qf6 32.Qe3 Rg8 33.Kf1 Rgc8 34.Qg5 Qe5 35.Qh6 Ka7 36.a4 Re7
37.Rd7 Rc7 38.Rd8 f4 39.Re1 Qc3 40.Qxf4 Qxb3 41.Qd4+ b6 42.Kg1 Qxc4 43.Qh8 Qc6
44.a5 b5 45.Qxh7 Red7 46.Rh8 Rc8 47.Rxc8 Qxc8 48.h5 Qc3 49.Qe4 Qd2 50.h6 Qxh6
51.Qc6 Rb7 52.Rd1 Qf8 53.Rd6 Kb8 54.Qc5 Qe7 55.Qe5 Ka7 56.Qd4+ Kb8 57.Rxa6 b4
58.Qe5+ Kc8 59.Ra8+ Kd7 60.a6 Rc7 61.Rb8 Kc6 62.Qb5+  1-0

[Event "Reno op"]
[Site "Reno"]
[Date "1992.??.??"]
[Round "4"]
[White "Kudrin, Sergey"]
[Black "Gurevich, Dmitry"]
[Result "1/2-1/2"]
[WhiteElo "2580"]
[BlackElo "2490"]

1.e4 c5 2.Nf3 d6 3.d4 cxd4 4.Nxd4 Nf6 5.Nc3 Nc6 6.Be2 e6 7.Be3 Be7 8.O-O O-O
9.f4 Qc7 10.Kh1 Bd7 11.Nb3 a6 12.a4 b6 13.Bf3 Rab8 14.Qe2 Na5  1/2-1/2

[Event "Reno op"]
[Site "Reno"]
[Date "1992.??.??"]
[Round "6"]
[White "Kudrin, Sergey"]
[Black "Donaldson, John W"]
[Result "1/2-1/2"]
[WhiteElo "2580"]
[BlackElo "2425"]

1.e4 c5 2.Nf3 Nc6 3.d4 cxd4 4.Nxd4 g6 5.c4 Nf6 6.Nc3 d6 7.Be2 Nxd4 8.Qxd4 Bg7
9.O-O O-O 10.Qd3 Bd7 11.Be3 a5 12.b3 Bc6 13.f3 Nd7 14.Rac1 Nc5 15.Qd2 Be5
16.Rfd1 b6 17.Bf1 Ra7 18.Rb1 Rd7 19.Ne2 e6 20.Bg5 Bf6 21.Bf4 Be5 22.Bg5 Bf6
23.Bf4 Be5  1/2-1/2

[Event "New York op"]
[Site "New York"]
[Date "1993.??.??"]
[Round "3"]
[White "Kudrin, Sergey"]
[Black "Van Dijk, Bram"]
[Result "1-0"]
[WhiteElo "2575"]
[BlackElo "2275"]

1.e4 c6 2.d4 d5 3.Nc3 g6 4.Nf3 Bg7 5.Bf4 dxe4 6.Nxe4 Nf6 7.Nxf6+ Bxf6 8.h3 Qb6
9.b3 c5 10.Be5 Bxe5 11.dxe5 Nc6 12.Bc4 O-O 13.O-O Rd8 14.Qc1 Nd4 15.Ng5 Ne6
16.Re1 Kg7 17.c3 Bd7 18.Re4 Rh8 19.Qe3 Rac8 20.Rd1 Nxg5 21.Qxg5 Bf5 22.Rf4 f6
23.Qg3 Kf8 24.Qe3 Qc7 25.Rxf5 gxf5 26.Qh6+ Ke8 27.Qh5+  1-0

[Event "New York op"]
[Site "New York"]
[Date "1993.??.??"]
[Round "8"]
[White "Zlotnikov, Mikhail"]
[Black "Kudrin, Sergey"]
[Result "0-1"]
[WhiteElo "2385"]
[BlackElo "2575"]

1.c4 e5 2.Nc3 Bb4 3.Qc2 Nc6 4.a3 Nd4 5.Qd1 Bxc3 6.dxc3 Nc6 7.e4 d6 8.Bd3 Nge7
9.Ne2 O-O 10.Ng3 Ng6 11.Nf5 Nf4 12.Bf1 Bxf5 13.exf5 Qg5 14.g3 Qxf5 15.Qf3 Qh5
16.Qxh5 Nxh5 17.Be2 Nf6 18.Be3 Rfe8 19.O-O-O Ne7 20.Kc2 a5 21.a4 Ng6 22.Bf3 e4
23.Be2 b6 24.b3 Ne5 25.h3 Nfd7 26.Rd4 Nc5 27.Rb1 Nc6 28.Rdd1 Ne5 29.Rd4 Nc6
30.Rdd1 Nd7 31.Rd5 Kf8 32.Rbd1 Ne7 33.Rh5 Kg8 34.Bd4 c5 35.Be3 Nf6 36.Rh4 Ng6
37.Rxd6 Nxh4 38.gxh4 Re6 39.Rxe6 fxe6 40.Bf4 Kf7 41.Kd2 Rd8+ 42.Ke3 Rd7 43.h5 h6
44.Be5 g6 45.hxg6+ Kxg6 46.Bf4 Kf5 47.Bg3 e5 48.Bh4 Rg7 49.Bg3 h5 50.Bf1 Rd7
51.Be2 Rg7 52.Bd1 Rg6 53.Bc2 h4 54.Bxh4 Rh6 55.Bxf6 Rxh3+ 56.Kd2 Kxf6 57.Bxe4 Kg5  0-1

[Event "World op"]
[Site "Philadelphia"]
[Date "1993.??.??"]
[Round "1"]
[White "Kudrin, Sergey"]
[Black "Fang, Joseph"]
[Result "1-0"]
[WhiteElo "2555"]
[BlackElo "2385"]

1.e4 e5 2.Nf3 Nc6 3.Bb5 a6 4.Ba4 Nf6 5.O-O Be7 6.Re1 b5 7.Bb3 O-O 8.d3 d6
9.c3 Na5 10.Bc2 c5 11.Nbd2 Nd7 12.Nf1 Nb6 13.Ne3 Be6 14.d4 cxd4 15.cxd4 Bf6
16.b3 Rc8 17.Bb2 exd4 18.Bxd4 Nc6 19.Bxf6 Qxf6 20.Qxd6 Rfd8 21.Qa3 a5 22.Rad1 Rxd1
23.Rxd1 b4 24.Qc1 a4 25.Qb1 a3 26.Nd5 Bxd5 27.exd5 Na7 28.Bxh7+ Kh8 29.Qf5 Qxf5
30.Bxf5 Rd8 31.d6 g6 32.Bh3 Nb5 33.Ne5 Kg7 34.Nc6 Rxd6 35.Rxd6 Nxd6 36.Nxb4 Kf6
37.f4 Ne4 38.Nc2 Nc3 39.Nxa3 Nxa2 40.g3 Nc1 41.b4 g5 42.fxg5+ Kxg5 43.Bf1 Na2
44.b5 Nc3 45.Nc4 Ncd5 46.Nxb6 Nxb6 47.Kf2 f5 48.Kf3 Kf6 49.Bd3 Nd7 50.Kf4 Nb6
51.h3 Nd5+ 52.Kf3 Ke5 53.Bc4 Nb6 54.Bb3 Nd7 55.Bc2 Nb6 56.g4 fxg4+ 57.hxg4 Nc4
58.Bd3 Nb6 59.g5 Nd5 60.Kg4 Kd4 61.Be2 Ke5 62.Bf3 Nb6 63.Kh5  1-0

[Event "World op"]
[Site "Philadelphia"]
[Date "1993.??.??"]
[Round "2"]
[White "Delaune, Richard K"]
[Black "Kudrin, Sergey"]
[Result "1/2-1/2"]
[WhiteElo "2390"]
[BlackElo "2555"]

1.c4 e5 2.Nc3 Bb4 3.Nd5 Bc5 4.e3 Nf6 5.b4 Nxd5 6.bxc5 Nf6 7.Ba3 Qe7 8.Qa4 c6
9.Ne2 Na6 10.d4 O-O 11.Rd1 Re8 12.Qb3 Qd8 13.f3 exd4 14.exd4 b6 15.cxb6 axb6
16.Kf2 d5 17.Nf4 Nc7 18.c5 b5 19.Be2 Ne6 20.Nxe6 Bxe6 21.Bb4 Qc7 22.g3 Bh3
23.Rhe1 h5 24.Bd3 h4 25.Bd2 Be6 26.Bb1 Nh5 27.Re5 g6 28.Rg1 hxg3+ 29.hxg3 Bd7
30.Qe3 f6 31.Rxe8+ Bxe8 32.g4 Ng7  1/2-1/2

[Event "World op"]
[Site "Philadelphia"]
[Date "1993.??.??"]
[Round "3"]
[White "Fang, Christopher"]
[Black "Kudrin, Sergey"]
[Result "0-1"]
[WhiteElo "2220"]
[BlackElo "2555"]

1.d4 Nf6 2.c4 g6 3.Nc3 d5 4.Nf3 Bg7 5.Bg5 Ne4 6.cxd5 Nxg5 7.Nxg5 e6 8.Qd2 exd5
9.Qe3+ Kf8 10.Qf4 Bf6 11.h4 h6 12.Nf3 Be6 13.O-O-O Nd7 14.e4 dxe4 15.Ne5 Kg7
16.Nxe4 Nb6 17.g4 Bxh4 18.Qh2 Be7 19.f4 Bxa2 20.Rd3 Bd5 21.Bg2 f6 22.Rh3 fxe5
23.Rxh6 Qg8 24.f5 Rxh6 25.Qxe5+ Kf7 26.Rxh6 gxf5 27.Qxf5+ Ke8 28.Nf6+ Bxf6
29.Qxf6 Qf7 30.Qe5+ Kd7 31.Bh3 Re8 32.g5+ Kd8 33.Rh8 Bc6 34.Be6 Qf1+ 35.Kc2 Be4+
36.Kb3 Qd1+ 37.Kb4 Qa4+ 38.Kc3 Qc2+ 39.Kb4 Qxb2+ 40.Bb3 a5+  0-1

[Event "World op"]
[Site "Philadelphia"]
[Date "1993.??.??"]
[Round "7"]
[White "Sutovskij, Emil"]
[Black "Kudrin, Sergey"]
[Result "1-0"]
[WhiteElo "2410"]
[BlackElo "2555"]

1.e4 c5 2.Nf3 d6 3.d4 cxd4 4.Nxd4 Nf6 5.Nc3 g6 6.Be3 Bg7 7.f3 Nc6 8.Qd2 O-O
9.O-O-O d5 10.exd5 Nxd5 11.Nxc6 bxc6 12.Bd4 Bxd4 13.Qxd4 Qb6 14.Bc4 Ne3 15.Rd2 Nxc4
16.Qxc4 Be6 17.Qf4 Rab8 18.b3 Qa5 19.Kb2 Rb4 20.Qe3 Rfb8 21.h4 Qc7 22.Ne2 c5
23.h5 a5 24.hxg6 hxg6 25.c3 R4b6 26.Nc1 a4 27.g4 axb3 28.a3 Bc4 29.Rdh2 e5
30.Qg5  1-0

[Event "Moscow ol (Men)"]
[Site "Moscow"]
[Date "1994.??.??"]
[Round "11"]
[White "Kudrin, Sergey"]
[Black "Ruzele, Darius"]
[Result "1-0"]
[WhiteElo "2550"]
[BlackElo "2495"]

1.e4 c5 2.Nf3 Nc6 3.d4 cxd4 4.Nxd4 Qc7 5.Nc3 e6 6.g3 a6 7.Bg2 Nf6 8.O-O Nxd4
9.Qxd4 Bc5 10.Bf4 d6 11.Qd2 h6 12.Rad1 Ke7 13.h3 Bd7 14.a3 e5 15.Be3 Rac8
16.Kh2 Bxe3 17.Qxe3 Qc5 18.Qd2 Be6 19.f4 Rhd8 20.Rfe1 Qb6 21.Re3 Qc7 22.Kh1 Bd7
23.Rd3 Bc6 24.Qe3 b5 25.fxe5 dxe5 26.Qc5+ Ke8 27.Rxd8+ Rxd8 28.Nd5 Nxd5 29.exd5 Qd6
30.b4 Ke7 31.Kh2 Bd7 32.Qa7 Rc8 33.Rd2 Rc3 34.Qf2 Rxa3 35.Qc5 Rc3 36.Qxc3  1-0

[Event "Reno op"]
[Site "Reno"]
[Date "1994.??.??"]
[Round "?"]
[White "Kudrin, Sergey"]
[Black "Formanek, Edward W"]
[Result "0-1"]
[WhiteElo "2550"]
[BlackElo "2320"]

1.e4 Nc6 2.d4 d5 3.Nc3 dxe4 4.d5 Ne5 5.Qd4 Ng6 6.Qxe4 Nf6 7.Qa4+ Bd7 8.Qb3 c6
9.Qxb7 Rb8 10.Qxa7 cxd5 11.a4 Ra8 12.Qb7 Rb8 13.Qa6 e5 14.Nb5 Ne4 15.Nf3 Nc5
16.Nd6+ Ke7 17.Qa7 Kxd6 18.Be3 d4 19.Nxd4 exd4 20.O-O-O Rb7 21.Rxd4+ Ke5  0-1

[Event "Reno op"]
[Site "Reno"]
[Date "1994.??.??"]
[Round "?"]
[White "Donaldson, John W"]
[Black "Kudrin, Sergey"]
[Result "1/2-1/2"]
[WhiteElo "2425"]
[BlackElo "2550"]

1.c4 b6 2.b3 c5 3.Bb2 Bb7 4.Nf3 Nf6 5.e3 e6 6.Be2 g6 7.O-O Bg7 8.d3 O-O 9.Nbd2 Nc6
10.Rc1 d6 11.Qc2 a6 12.a3 b5 13.Qb1 Rb8 14.Qa1 Ba8 15.Rfd1 e5 16.Ne1 Ne8
17.Bf3 bxc4 18.dxc4 f5 19.Bd5+ Kh8 20.b4 cxb4 21.axb4 Nxb4 22.Bxa8 Rxa8 23.c5 Qe7
24.Nc4 dxc5 25.Nxe5 Nf6 26.N1d3 Nxd3 27.Rxd3 Qe6 28.Rxc5 Rac8 29.Rxc8 Rxc8  1/2-1/2

[Event "Hania op"]
[Site "Hania"]
[Date "1995.??.??"]
[Round "2"]
[White "Kudrin, Sergey"]
[Black "Psomiadis, Stavros"]
[Result "1-0"]
[WhiteElo "2525"]
[BlackElo "2175"]

1.e4 e5 2.Nf3 Nc6 3.Bb5 a6 4.Ba4 Nf6 5.O-O Be7 6.Re1 b5 7.Bb3 d6 8.c3 O-O
9.h3 Na5 10.Bc2 c5 11.d4 Nd7 12.Nbd2 exd4 13.cxd4 Nc6 14.Nf1 Bf6 15.d5 Nce5
16.N3h2 Ng6 17.Ne3 Nde5 18.Rb1 c4 19.Nhg4 Nxg4 20.hxg4 Bg5 21.g3 Bxe3 22.Bxe3 Ne5
23.f3 Qf6 24.Kg2 Qg6 25.Rh1 f6 26.Rh4 Qf7 27.Qd2 Qc7 28.Bd1 Rf7 29.Be2 a5
30.Rbh1 g6 31.Bd4 b4 32.Qh6 Rg7 33.Qc1 Ba6 34.f4 Nd3 35.Bxd3 cxd3 36.Bxf6 Rc8
37.Qxc7 Rgxc7 38.Kf3 Rf7 39.g5 Rc2 40.R4h2 Rfc7 41.Ke3 Rxh2 42.Rxh2 Rc1 43.e5 Re1+
44.Kd2 Re2+ 45.Rxe2 dxe2 46.exd6 Bb5 47.d7 Bxd7 48.Kxe2 Bf5 49.Ke3 Kf7 50.Kd4 Bb1
51.Bd8 a4 52.b3 Bxa2 53.bxa4 b3 54.Kc3 b2 55.Kxb2 Bxd5 56.Kc3 Ke8 57.Bb6 Kd7
58.Kd4 Bf3 59.Ke5 Ke7 60.Bc5+ Kd7 61.a5 Bb7 62.Bb4 Ba6 63.Kf6 Bd3 64.Kg7 Ke6
65.Kxh7 Kf7 66.g4 Be2 67.f5 Bd3  1-0

[Event "Hania op"]
[Site "Hania"]
[Date "1995.??.??"]
[Round "3"]
[White "Haritakis, Theodoros"]
[Black "Kudrin, Sergey"]
[Result "0-1"]
[WhiteElo "2280"]
[BlackElo "2525"]

1.d4 Nf6 2.Nf3 g6 3.c4 Bg7 4.Nc3 d5 5.cxd5 Nxd5 6.e4 Nxc3 7.bxc3 c5 8.Bb5+ Nc6
9.O-O O-O 10.Be3 Bg4 11.Bxc6 bxc6 12.Qa4 cxd4 13.cxd4 c5 14.Ne5 cxd4 15.Bxd4 Qd6
16.Nxg4 Qxd4 17.Qxd4 Bxd4 18.Rab1 Rab8 19.Rfd1 Rxb1 20.Rxb1 Rc8 21.h3 Rc2
22.Rb7 Kf8 23.a4 Rc1+ 24.Kh2 Rc4 25.a5 Ra4 26.Rb5 h5 27.Ne5 Bxf2 28.Nc6 h4
29.g4 hxg3+ 30.Kg2 Rxe4 31.Rb8+ Kg7 32.Rb7 Re2 33.Nxe7 Bc5+  0-1

[Event "Hania op"]
[Site "Hania"]
[Date "1995.??.??"]
[Round "4"]
[White "Kudrin, Sergey"]
[Black "Karayannis, Athanasios"]
[Result "1-0"]
[WhiteElo "2525"]
[BlackElo "2370"]

1.e4 Nf6 2.e5 Nd5 3.d4 d6 4.Nf3 Bg4 5.Be2 c6 6.c4 Bxf3 7.Bxf3 Nc7 8.Qb3 Qc8
9.exd6 exd6 10.O-O Be7 11.Re1 Kf8 12.Nc3 h5 13.d5 c5 14.Bf4 Nd7 15.Rxe7 Kxe7
16.Re1+ Kf8 17.Bxd6+ Kg8 18.Bf4 Ne8 19.d6 Rb8 20.Nd5 Qd8 21.Re7 a6 22.Qd3 g6
23.Be4 Rh7 24.Bxg6 fxg6 25.Qxg6+ Rg7 26.Rxg7+ Nxg7 27.Ne7+ Kf8 28.Bh6  1-0

[Event "Hania op"]
[Site "Hania"]
[Date "1995.??.??"]
[Round "6"]
[White "Kudrin, Sergey"]
[Black "Shrentzel, Mordechai"]
[Result "1-0"]
[WhiteElo "2525"]
[BlackElo "2305"]

1.e4 e5 2.Nf3 d6 3.d4 Nf6 4.Nc3 Nbd7 5.Bc4 Be7 6.a4 O-O 7.O-O c6 8.Qe2 exd4
9.Nxd4 Re8 10.Ba2 Bf8 11.Qf3 Ne5 12.Qd1 Ng6 13.Re1 a5 14.h3 Bd7 15.Bg5 h6
16.Be3 Nh7 17.Qf3 Qf6 18.Rad1 Qxf3 19.Nxf3 Be6 20.Nd2 Bxa2 21.Nxa2 b5 22.axb5 cxb5
23.Nc3 Rac8 24.Rc1 Nf6 25.Bd4 Ne5 26.Nxb5 Rb8 27.Na3 Nfd7 28.Ra1 a4 29.Red1 Rec8
30.Nf1 Nc5 31.f3 Ne6 32.Bc3 Nf4 33.Kf2 Be7 34.Ne3 Bd8 35.Nf5 Bb6+ 36.Kf1 Rxc3
37.bxc3 Bc5 38.g3 Ne6 39.f4  1-0

[Event "Hania op"]
[Site "Hania"]
[Date "1995.??.??"]
[Round "7"]
[White "Vouldis, Angelos"]
[Black "Kudrin, Sergey"]
[Result "1/2-1/2"]
[WhiteElo "2425"]
[BlackElo "2525"]

1.e4 c5 2.Nf3 Nc6 3.d4 cxd4 4.Nxd4 e5 5.Nb5 d6 6.Be3 Be7 7.N1c3 Be6 8.Nd5 Bxd5
9.exd5 Nb8 10.c4 a6 11.Nc3 Nd7 12.Be2 Ngf6 13.O-O O-O 14.b4 Rc8 15.Rc1 Ne8
16.Na4 a5 17.a3 axb4 18.axb4 b6 19.Qb3 Bg5 20.Rfd1 h6 21.c5 bxc5 22.bxc5 Nxc5
23.Nxc5 dxc5 24.Rxc5 Bxe3 25.Qxe3 Rxc5 26.Qxc5 Nd6 27.Bf1 Qf6  1/2-1/2

[Event "Las Vegas op"]
[Site "Las Vegas"]
[Date "1995.??.??"]
[Round "1"]
[White "Frenklakh, Valery"]
[Black "Kudrin, Sergey"]
[Result "0-1"]
[WhiteElo "2320"]
[BlackElo "2540"]

1.d4 Nf6 2.Nf3 g6 3.Bf4 Bg7 4.c3 d6 5.h3 O-O 6.e3 b6 7.Bc4 Bb7 8.Nbd2 Nbd7
9.O-O Qe8 10.Qc2 e5 11.dxe5 dxe5 12.Bh2 Qe7 13.Rfd1 e4 14.Nd4 Nc5 15.Be2 Rfe8
16.Nc4 Nd3 17.a4 Bd5 18.Nd2 c5 19.Nb5 c4 20.Qb1 Rac8 21.Na3 Nd7 22.Qa2 N7e5
23.Bxe5 Bxe5 24.Bxd3 cxd3 25.c4 Bc6 26.Nb5 a5 27.Rac1 Kg7 28.Nb3 Qb4 29.Qa3 Qxa3
30.bxa3 Bb2 31.Rb1 Bxb5 32.cxb5 Bxa3 33.Nd4 Rc4  0-1

[Event "National op"]
[Site "Las Vegas"]
[Date "1995.??.??"]
[Round "3"]
[White "Yee, Karl Y"]
[Black "Kudrin, Sergey"]
[Result "0-1"]
[WhiteElo "2290"]
[BlackElo "2540"]

1.e4 c5 2.Nf3 d6 3.d4 cxd4 4.Nxd4 Nf6 5.Nc3 g6 6.Be3 Bg7 7.Be2 O-O 8.Qd2 Nc6
9.O-O-O Be6 10.Kb1 Qc8 11.Nxe6 fxe6 12.Bh6 Bxh6 13.Qxh6 Ne5 14.Qh3 g5 15.Qg3 Kh8
16.Qxg5 Qc5 17.Qh4 Rac8 18.Rd2 Qb4 19.a3 Qa5 20.Rd4 Rxc3 21.bxc3 Rc8 22.Qh3 Rxc3
23.Ra4 Qc7 24.Qxe6 Rxc2 25.Bb5 Qc3 26.Rb4 Nxe4 27.Rd1 Nd2+ 28.Rxd2 Rc1+  0-1

[Event "National op"]
[Site "Las Vegas"]
[Date "1995.??.??"]
[Round "4"]
[White "Kudrin, Sergey"]
[Black "Bradford, Joseph M"]
[Result "1/2-1/2"]
[WhiteElo "2540"]
[BlackElo "2440"]

1.e4 e6 2.d4 d5 3.Nd2 Nf6 4.e5 Nfd7 5.Bd3 c5 6.c3 Nc6 7.Ne2 cxd4 8.cxd4 f6
9.exf6 Nxf6 10.O-O Bd6 11.Nf3 Qc7 12.g3 O-O 13.Bf4 Bxf4 14.Nxf4 Qb6 15.b3 Bd7
16.Re1 Rae8 17.Rc1 g6 18.Bb1 Ng4 19.Rc2 Qd8 20.Rce2 Qf6 21.h3 Nh6 22.Qd2 Nf7
23.h4 a6 24.h5 gxh5 25.Qd3 Qh6 26.Kg2 Nd6 27.Rh1 Rxf4 28.gxf4 Re7 29.Ng5 Rg7
30.Re3 Ne7 31.Qd1 Be8 32.Rg3 Kh8 33.Qe1 Nc6 34.Qe3 Qf6 35.f3 Bg6 36.Bxg6 hxg6  1/2-1/2

[Event "National op"]
[Site "Las Vegas"]
[Date "1995.??.??"]
[Round "5"]
[White "Mariano, Nelson"]
[Black "Kudrin, Sergey"]
[Result "1-0"]
[WhiteElo "2510"]
[BlackElo "2540"]

1.e4 c5 2.Nf3 d6 3.c3 Nf6 4.Be2 g6 5.O-O Bg7 6.Re1 O-O 7.Bf1 Bg4 8.h3 Bxf3
9.Qxf3 Nc6 10.d3 Rb8 11.a4 a6 12.Qd1 Nd7 13.Be3 Qb6 14.Qc1 Rfc8 15.Nd2 Qd8
16.Nf3 Nd4 17.Qd1 Nxf3+ 18.Qxf3 Ne5 19.Qd1 Nc6 20.h4 Qf8 21.h5 Bh6 22.Qg4 b5
23.axb5 axb5 24.hxg6 hxg6 25.f4 Qg7 26.Qd7  1-0

[Event "USA-ch"]
[Site "Modesto"]
[Date "1995.??.??"]
[Round "5"]
[White "Gurevich, Dmitry"]
[Black "Kudrin, Sergey"]
[Result "1/2-1/2"]
[WhiteElo "2525"]
[BlackElo "2525"]

1.Nf3 e6 2.c4 b6 3.g3 Bb7 4.Bg2 Nf6 5.O-O Be7 6.Nc3 O-O 7.Re1 c5 8.e4 d6
9.d4 cxd4 10.Nxd4 Qc8 11.Be3 a6 12.Rc1 Re8 13.f4 h6 14.Bf2 Nbd7 15.b4 Bf8
16.Nb3 Qc7 17.a4 Rad8 18.a5 bxa5 19.Nxa5 Ba8 20.Qe2 Rb8 21.Na2 e5 22.f5 Nc5
23.bxc5 Qxa5 24.cxd6 Bxd6 25.c5 Bf8 26.Rc2  1/2-1/2

[Event "USA-ch"]
[Site "Modesto"]
[Date "1995.??.??"]
[Round "8"]
[White "Kudrin, Sergey"]
[Black "Browne, Walter S"]
[Result "0-1"]
[WhiteElo "2525"]
[BlackElo "2560"]

1.e4 c5 2.Nf3 d6 3.d4 cxd4 4.Nxd4 Nf6 5.Nc3 a6 6.Bc4 e6 7.O-O Be7 8.Bb3 b5
9.Qf3 Qc7 10.Qg3 Nc6 11.Nxc6 Qxc6 12.Re1 Bb7 13.a3 Rd8 14.Bg5 O-O 15.Rad1 Nh5
16.Qh4 Bxg5 17.Qxg5 Nf6 18.Rd3 h6 19.Qh4 Qc5 20.Qf4 Rd7 21.Red1 Rfd8 22.Qe3 Kf8
23.f3 Qxe3+ 24.Rxe3 Rc8 25.Red3 Ke7 26.Rd4 Rc5 27.a4 e5 28.Rb4 Bc6 29.axb5 axb5
30.Ra1 Rb7 31.Ra6 Bd7 32.Kf2 g5 33.Nd1 d5 34.exd5 Nxd5 35.Re4 Nf6 36.Re2 Rbc7
37.c3 R7c6 38.Ra7 Rd6 39.Ne3 Kf8  0-1

[Event "USA-ch"]
[Site "Modesto"]
[Date "1995.??.??"]
[Round "10"]
[White "Kudrin, Sergey"]
[Black "Ivanov, Alexander"]
[Result "0-1"]
[WhiteElo "2525"]
[BlackElo "2530"]

1.e4 e5 2.Nf3 Nc6 3.Bb5 a6 4.Ba4 Nf6 5.O-O Be7 6.Re1 b5 7.Bb3 d6 8.c3 O-O
9.d3 Na5 10.Bc2 c5 11.Nbd2 Nd7 12.d4 cxd4 13.cxd4 Nc6 14.Nb3 a5 15.Bd3 Ba6
16.d5 Nb4 17.Bb1 a4 18.Nbd2 Bc8 19.Nf1 Nc5 20.Be3 Nba6 21.Ng3 g6 22.Bh6 Re8
23.h3 Bf8 24.Bg5 Be7 25.Bd2 Bd7 26.Bc2 b4 27.Nf1 Bb5 28.Be3 Rb8 29.b3 a3
30.Qd2 h5 31.g4 hxg4 32.hxg4 Bd7 33.N3h2 Kh7 34.Ng3 Bf6 35.Bd1 Rh8 36.g5 Bg7
37.Bg4 Kg8 38.f3 Bb5 39.Rec1 Nd3 40.Rc2 Nf4 41.Kh1 Qxg5 42.Rg1 Qf6 43.Rgc1 Qh4
44.Rc8+ Bf8 45.Rxb8 Nxb8 46.Nf1 Na6 47.Bxf4 exf4 48.Qxf4 Qf2 49.Qg3 Qb2 50.Qf4 Nc5
51.Qd2 Bh6 52.Qxb4 Bxc1 53.Qxb5 Bf4  0-1

[Event "USA-ch"]
[Site "Modesto"]
[Date "1995.??.??"]
[Round "13"]
[White "Kudrin, Sergey"]
[Black "Khmelnitsky, Igor N"]
[Result "1-0"]
[WhiteElo "2525"]
[BlackElo "2490"]

1.e4 Nf6 2.e5 Nd5 3.d4 d6 4.Nf3 Nb6 5.a4 a5 6.Bb5+ c6 7.Bd3 Bg4 8.exd6 Qxd6
9.Nbd2 Qe6+ 10.Be2 Nd5 11.h3 Bf5 12.Nc4 Nd7 13.O-O Qg6 14.c3 Bc2 15.Qd2 Be4
16.Ng5 Bf5 17.g4 h6 18.gxf5 Qxg5+ 19.Qxg5 hxg5 20.Bxg5 f6 21.Bd2 Rxh3 22.Kg2 Rh8
23.Rh1 Rxh1 24.Rxh1 N7b6 25.Nxb6 Nxb6 26.b3 Nd5 27.Bh5+ Kd7 28.Bf7 Nc7 29.Re1 Ra6
30.c4 Ra8 31.Kf3 b6 32.Kg4 Rd8 33.Kh5 c5 34.d5 g5 35.fxg6 Bg7 36.Bf4 Rh8+
37.Kg4 Ne8 38.Bxe8+ Kxe8 39.Re6 Bh6 40.d6 Bf8 41.dxe7 Bxe7 42.Bd6 Kd7 43.Rxe7+ Kxd6
44.Rh7 Rg8 45.Kf5  1-0

[Event "Moscow op"]
[Site "Moscow"]
[Date "1995.??.??"]
[Round "3"]
[White "Donchenko, Anatoly G"]
[Black "Kudrin, Sergey"]
[Result "1/2-1/2"]
[WhiteElo "2420"]
[BlackElo "2540"]

1.Nf3 Nf6 2.d4 g6 3.g3 Bg7 4.Bg2 d5 5.c4 dxc4 6.Na3 c3 7.bxc3 O-O 8.O-O c5
9.Nc4 Nc6 10.Nfe5 Nd5 11.Bb2 Be6 12.Qd3 Qc7 13.Nxc6 bxc6 14.Ba3 cxd4 15.cxd4 Rab8
16.Rac1 Nb4 17.Bxb4  1/2-1/2

[Event "Moscow op"]
[Site "Moscow"]
[Date "1995.??.??"]
[Round "5"]
[White "Kudrin, Sergey"]
[Black "Furman, Boris"]
[Result "1-0"]
[WhiteElo "2540"]
[BlackElo "2245"]

1.e4 c6 2.d4 g6 3.Nc3 d5 4.Nf3 Bg7 5.Bf4 Bg4 6.exd5 cxd5 7.Nb5 Na6 8.h3 Bxf3
9.Qxf3 Nf6 10.Bd3 O-O 11.c3 Ne8 12.Qg3 Nf6 13.Qf3 Ne8 14.O-O e6 15.Qg3 Nf6
16.Bd6 Re8 17.Rfe1 Qd7 18.a4 Rec8 19.h4 Ne8 20.Bf4 Nac7 21.Ra3 a6 22.Nxc7 Nxc7
23.h5 Ne8 24.Qh4 Qd8 25.Qh3 Nd6 26.Rb3 b6 27.g3 Nc4 28.hxg6 hxg6 29.Kg2 Na5
30.Ra3 Nc4 31.Ra2 Ra7 32.Rh1 g5 33.Bc1 Kf8 34.Qh5 f6 35.Re1 Qd7 36.b3 Nd6
37.Ba3 Rxc3 38.Rae2 e5 39.dxe5 fxe5 40.Qg6 Rc6 41.Rxe5 Bxe5 42.Rxe5 Rc5 43.Bxc5  1-0

[Event "Moscow op"]
[Site "Moscow"]
[Date "1995.??.??"]
[Round "7"]
[White "Sherbakov, Vitaly S"]
[Black "Kudrin, Sergey"]
[Result "1/2-1/2"]
[WhiteElo "2385"]
[BlackElo "2540"]

1.d4 Nf6 2.Nf3 g6 3.g3 d5 4.Bg2 Bg7 5.O-O O-O 6.Be3 c6 7.h3 a5 8.Qc1 Re8
9.c4 dxc4 10.Qxc4 h6 11.Qc1 Kh7 12.Nc3 Nbd7 13.Rd1 Nb6 14.Bf4 Nh5 15.Be5 f6
16.g4 fxe5 17.dxe5 Qc7 18.gxh5 g5 19.Qc2+ Kg8 20.Nb5 Qb8 21.Qg6 Rf8 22.Nbd4 Nd5
23.Ne6 Bxe6 24.Qxe6+ Kh8 25.e3 Qe8 26.Qg4 Qc8 27.Rac1 Kg8 28.Nh2 Qxg4 29.Nxg4 e6
30.Be4 Kf7 31.Kg2 Ke7 32.h4 gxh4 33.Rh1 Ra6 34.Bxd5 exd5 35.Rxh4 Rb6 36.Rc2 Rb4
37.Kg3 Ke6 38.f4 Re4 39.Rd2 Rf7 40.Rd4 Rfxf4 41.exf4 Rxd4 42.f5+ Kd7 43.e6+ Ke7
44.Rh2 Rd3+ 45.Kf4 Rd4+ 46.Kf3 Rd3+ 47.Kf4 Rd4+ 48.Kf3 Rd3+ 49.Kf4 Rd4+  1/2-1/2

[Event "World op"]
[Site "Philadelphia"]
[Date "1995.??.??"]
[Round "1"]
[White "Kudrin, Sergey"]
[Black "Einarsson, Bergsteinn"]
[Result "1-0"]
[WhiteElo "2525"]
[BlackElo "2140"]

1.e4 c5 2.Nf3 d6 3.d4 cxd4 4.Nxd4 Nf6 5.Nc3 a6 6.Bc4 e6 7.O-O Be7 8.Bb3 O-O
9.f4 b5 10.f5 e5 11.Nde2 Bb7 12.Ng3 Nbd7 13.a3 Rc8 14.Bg5 Qc7 15.Bxf6 Nxf6
16.Nh5 Rfd8 17.Nxf6+ Bxf6 18.Qh5 Qb6+ 19.Kh1 Rc7 20.Rad1 a5 21.Qe2 Bc6 22.Nd5 Bxd5
23.Rxd5 Rc5 24.Rd3 a4 25.Bd5 b4 26.axb4 Qxb4 27.c3 Qb5 28.Ra1 Rb8 29.Rd2 Bg5
30.Rc2 h6 31.g3 Qd7 32.h4 Bd8 33.Rd2 Rcb5 34.Ra2 R5b6 35.Qc4 a3 36.b4 Rc8
37.Qb3 Ra6 38.Rxa3 Rxa3 39.Qxa3 Bb6 40.Qb3 Qc7 41.Kg2 Kf8 42.Rd3 Ba7 43.Qd1 Qb6
44.Rf3 Qa6 45.f6 gxf6 46.Rxf6 Qb6 47.Rxf7+ Ke8 48.Rf1  1-0

[Event "World op"]
[Site "Philadelphia"]
[Date "1995.??.??"]
[Round "3"]
[White "Denker, Arnold S"]
[Black "Kudrin, Sergey"]
[Result "0-1"]
[WhiteElo "2265"]
[BlackElo "2525"]

1.Nf3 Nf6 2.c4 g6 3.Nc3 d5 4.cxd5 Nxd5 5.g3 Bg7 6.Bg2 O-O 7.Qb3 Nb6 8.O-O e5
9.d3 h6 10.Be3 Nc6 11.Rac1 Re8 12.Qc2 Nb4 13.Qd2 Kh7 14.Bxb6 axb6 15.a3 Nc6
16.Qd1 Bg4 17.h3 Be6 18.Nd2 Qd7 19.Nb5 Red8 20.Kh2 f5 21.Qc2 e4 22.dxe4 Ra5
23.Nxc7 Qxc7 24.b4 Rxa3 25.b5 Rc3 26.exf5 Bxf5 27.e4 Rxc2 28.Rxc2 Be6  0-1

[Event "World op"]
[Site "Philadelphia"]
[Date "1995.??.??"]
[Round "5"]
[White "Reprintsev, Alexander"]
[Black "Kudrin, Sergey"]
[Result "1-0"]
[WhiteElo "2370"]
[BlackElo "2525"]

1.e4 c5 2.b3 d6 3.Bb2 e6 4.Nf3 Nf6 5.e5 dxe5 6.Nxe5 Nbd7 7.f4 Qc7 8.Na3 a6
9.Qf3 Rb8 10.Nac4 b5 11.Nxd7 Nxd7 12.Ne5 Nxe5 13.Bxe5 Bd6 14.Bxg7 Rg8 15.Bb2 Bxf4
16.O-O-O Bb7 17.Qh5 Be4 18.Qe2 Qc6 19.Re1 Bxg2 20.Rg1 Bf3 21.Rxg8+ Ke7 22.Qf2 Rxg8
23.Be2 Rg2 24.Qxf3 Qxf3 25.Bxf3 Rxd2 26.Kb1 Rxh2 27.a4 h5 28.Be5 Bxe5 29.Rxe5 Rh3
30.Be2 bxa4 31.bxa4 Ra3 32.Re4 f5 33.Rh4 Kf6 34.Kb2 Re3 35.Bxa6 Kg5 36.Rh1 f4
37.a5 Re4 38.Ra1 f3 39.Bd3  1-0

[Event "World op"]
[Site "Philadelphia"]
[Date "1995.??.??"]
[Round "6"]
[White "Kudrin, Sergey"]
[Black "Kalme, Charles I"]
[Result "1-0"]
[WhiteElo "2525"]
[BlackElo "2320"]

1.e4 d6 2.d4 Nf6 3.Nc3 g6 4.h3 Bg7 5.Nf3 O-O 6.Be3 c6 7.a4 Nbd7 8.a5 e5 9.dxe5 dxe5
10.Qd6 Ne8 11.Qb4 Bf6 12.Bc4 Qe7 13.Qxe7 Bxe7 14.O-O Kg7 15.Rfd1 Nc7 16.Bb3 h6
17.Na4 Re8 18.Ne1 Bb4 19.Bd2 Bxd2 20.Rxd2 Nf8 21.Nc5 Nfe6 22.Bxe6 Nxe6 23.Nxb7 Rf8
24.a6 Rb8 25.Rd6 c5 26.b3 c4 27.bxc4 Ng5 28.Nc5 Rb4 29.Rc6 Rxc4 30.Rc7 Kh8
31.f3 Rd8 32.h4 Ne6 33.Nxe6 Bxe6 34.Rxa7 Rcd4 35.Rb7 Rd1 36.Rbb1 R1d7 37.Rb6 Bc4
38.Rf6 Rd1 39.Rxd1 Rxd1 40.Kf2 Ra1 41.Nd3 Bxa6 42.Nxe5  1-0